[Event "Bratto op 25th"]
[Site "Bratto"]
[Date "2005.08.28"]
[Round "9"]
[White "Simonini, Roberto"]
[Black "Osuna Munoz, Xavier"]
[Result "1/2-1/2"]
[WhiteElo "2065"]
[BlackElo "2094"]
[PlyCount "21"]
[EventDate "2005.08.20"]
[EventType "swiss"]
[EventRounds "9"]
[EventCountry "ITA"]
[SourceTitle "CBM 108 Extra"]
[Source "ChessBase"]
[SourceDate "2005.11.04"]
[SourceVersion "1"]
[SourceVersionDate "2005.11.04"]
[SourceQuality "1"]

1. e4 c5 2. Nc3 d6 3. g3 Nc6 4. Bg2 g6 5. d3 Bg7 6. Be3 Nf6 7. h3 0-0 8. Qd2 Nd4 9. Nge2 e5 10. f4 Nh5 11. 0-0-0 1/2-1/2

[Event "Bratto op 25th"]
[Site "Bratto"]
[Date "2005.08.27"]
[Round "8"]
[White "Alberton, Roberto"]
[Black "Simonini, Roberto"]
[Result "1-0"]
[WhiteElo "2108"]
[BlackElo "2065"]
[PlyCount "77"]
[EventDate "2005.08.20"]
[EventType "swiss"]
[EventRounds "9"]
[EventCountry "ITA"]
[SourceTitle "CBM 108 Extra"]
[Source "ChessBase"]
[SourceDate "2005.11.04"]
[SourceVersion "1"]
[SourceVersionDate "2005.11.04"]
[SourceQuality "1"]

1. e4 e5 2. Nf3 Nf6 3. d3 Nc6 4. c3 a5 5. b3 d5 6. Nbd2 Bd6 7. Be2 0-0 8. 0-0 b6 9. Re1 Re8 10. a3 Bf8 11. Bb2 g6 12. Qc2 Bg7 13. b4 Bb7 14. b5 Na7 15. a4 c5 16. bxc6 Bxc6 17. Bf1 b5 18. axb5 Nxb5 19. c4 dxc4 20. Nxc4 Nd7 21. Ra2 Re6 22. Rea1 g5 23. Rxa5 Rc8 24. Qd1 g4 25. Ne1 Qh4 26. g3 Qh5 27. Ne3 f5 28. Nxf5 Rf8 29. Bg2 Nd6 30. Nxg7 Kxg7 31. f4 Rh6 32. h4 Rxf4 33. gxf4 Qxh4 34. Qd2 Nf5 35. exf5 Qh2+ 36. Kf1 Bxg2+ 37. Nxg2 Qh1+ 38. Kf2 g3+ 39. Ke3 1-0

[Event "Bratto op 25th"]
[Site "Bratto"]
[Date "2005.08.25"]
[Round "6"]
[White "Rorato, Renzo"]
[Black "Simonini, Roberto"]
[Result "1/2-1/2"]
[WhiteElo "2120"]
[BlackElo "2065"]
[PlyCount "58"]
[EventDate "2005.08.20"]
[EventType "swiss"]
[EventRounds "9"]
[EventCountry "ITA"]
[SourceTitle "CBM 108 Extra"]
[Source "ChessBase"]
[SourceDate "2005.11.04"]
[SourceVersion "1"]
[SourceVersionDate "2005.11.04"]
[SourceQuality "1"]

1. Nf3 d5 2. c4 c6 3. e3 Nf6 4. Qc2 g6 5. b3 Bg7 6. Bb2 0-0 7. d3 Re8 8. Nbd2 Nbd7 9. cxd5 cxd5 10. Be2 b6 11. 0-0 Ba6 12. Rac1 Rc8 13. Qb1 e5 14. Rxc8 Qxc8 15. Rc1 Qb8 16. Bf1 Bb7 17. h3 h6 18. Qc2 Rc8 19. Qd1 Ne8 20. d4 e4 21. Ne1 f5 22. g3 Nef6 23. Ba3 g5 24. Ng2 Nf8 25. Be2 Ne6 26. Nf1 Rc6 27. Rxc6 Bxc6 28. h4 Bd7 29. Bc1 Qc7 1/2-1/2

[Event "Bratto op 25th"]
[Site "Bratto"]
[Date "2005.08.24"]
[Round "5"]
[White "Simonini, Roberto"]
[Black "Giretti Kanev, Jasen"]
[Result "0-1"]
[WhiteElo "2065"]
[BlackElo "2183"]
[PlyCount "114"]
[EventDate "2005.08.20"]
[EventType "swiss"]
[EventRounds "9"]
[EventCountry "ITA"]
[SourceTitle "CBM 108 Extra"]
[Source "ChessBase"]
[SourceDate "2005.11.04"]
[SourceVersion "1"]
[SourceVersionDate "2005.11.04"]
[SourceQuality "1"]

1. e4 c6 2. d4 d5 3. Nc3 dxe4 4. Nxe4 Nf6 5. Nxf6+ gxf6 6. Nf3 Bg4 7. Be2 e6 8. c3 Bd6 9. Be3 Nd7 10. Nd2 Bf5 11. Nc4 Nb6 12. Nxd6+ Qxd6 13. Bd3 Qd5 14. Bxf5 Qxf5 15. Qf3 Qxf3 16. gxf3 0-0-0 17. 0-0-0 Rhg8 18. Rhg1 Rg6 19. Rg3 Rd5 20. b3 Rh5 21. Rh1 Nd5 22. Kd2 Ne7 23. Ke2 a6 24. a3 Kd7 25. Kd3 Nf5 26. Rg4 Rh3 27. Ke2 Nd6 28. Rg3 Rh4 29. Kd3 Nf5 30. Rxg6 hxg6 31. h3 Rh5 32. a4 Nh4 33. f4 Nf5 34. b4 b5 35. axb5 axb5 36. Rg1 Nd6 37. Rh1 Kc7 38. Rh2 Rh4 39. Rh1 Nc4 40. Ra1 Nb2+ 41. Kc2 Na4 42. Rh1 Kd6 43. Kd3 Kd5 44. Bc1 Nb6 45. Be3 Nc4 46. Bc1 Nd6 47. f3 Nf5 48. Bd2 Ng3 49. Be1 Rxf4 50. Ke3 Nh5 51. Rh2 e5 52. dxe5 fxe5 53. Rd2+ Ke6 54. Rd8 Rc4 55. Re8+ Kf5 56. Re7 f6 57. h4 Nf4 0-1